000 00995nam a2200277 a 4500
999 _c128287
_d128287
001 4904158
003 ARRUPE
005 20181002112120.0
008 930803s1992 tz b 000 0 eng
010 _a 93980692
020 _a997610166X
040 _aDLC
_cDLC
043 _ad------
050 0 0 _aHC59.7
_b.R85 1992
100 1 _aRweyemamu, J. F.
_942673
245 1 0 _aThird World options :
_bpower, security, and the hope for another development /
_cJustinian F. Rweyemamu.
260 _aDar es Salaam :
_bTanzania Pub. House,
_c1992.
300 _axiv, 225 p. ;
_c21 cm.
504 _aIncludes bibliographical references.
650 0 _aEconomic forecasting
_zDeveloping countries.
_942674
651 0 _aDeveloping countries
_xEconomic policy.
_927661
906 _a7
_bcbc
_corignew
_d3
_encip
_f19
_gy-gencatlg
942 _2lcc
_cMONOGRAPH